000 00308nam a22001217a 4500
008 180418b xxu||||| |||| 00| 0 eng d
041 _aeng
080 _a10702
100 _a0
101 _aBTH
245 _aTRIBUNALI I HAGËS, FORMIMI, PRITSHMËRITË DHE EFEKTSHMËRIA E TIJ
_cHumolli, F
942 _2udc
_cBK
999 _c45289
_d45289